Open Data Biblioteca Nacional de Portugal


República Portuguesa: Ministério da Cultura
Biblioteca Nacional de Portugal

Catálogo da BNP: acesso por Identificadores Unívocos
Registos Bibliográficos associados ao registo de autoridade

Etiqueta de registo: 00000nam 2200025 450
001 2281904
003 http://id.bnportugal.gov.pt/bib/catbnp/2281904
100 ## $a20260319d2025 k y0pory01030103ba
101 0# $aeng$dpor
102 ## $aPT
105 ## $aa m 000yy
106 ## $ar
200 1# $a The influence of sport on the physical fitness, quality of life and well-being of people with intellectual and developmental disabilities$fSusana Cristina Oliveira Diz$gorient. Raúl de Sousa Nogueira Antunes, Aldo Filipe Matos Moreira Carvalho da Costa
210 #9 $aCovilhã$c[s.n.],$d2025
215 ## $aXXXIV, 135 p.$cil.$d30 cm
328 #1 $aTese dout. Ciências do Desporto, Universidade Beira Interior, 2025
675 ## $a796-056.2/.3(043)$vBN$zpor$31995613
700 #1 $aDiz,$bSusana Cristina Oliveira$31992598
702 #1 $aAntunes,$fRaul de Sousa Nogueira $4727$31737853
702 #1 $aCosta,$bAldo Matos da$4727$31306540
801 #0 $aPT$bBN$gRPC
966 ## $lBN$mFGMON$x1
971 ## $corlando$d20260319
973 ## $cigoulao$d20260414

OpendataBNP@bnportugal.pt | Mais informação sobre acesso aos dados BNP